| 000 | 00714nam a2200265 4500 | ||
|---|---|---|---|
| 001 | 35943 | ||
| 003 | BD-RjUL | ||
| 005 | 20211209052415.0 | ||
| 008 | 140612s1969 nyu b 001 0 eng | ||
| 035 | _a(BD-RjUL)36040 | ||
| 040 |
_aDLC _cDLC _dDLC _beng |
||
| 041 | _aeng | ||
| 082 | 0 | 0 |
_a305.52 _bPAP 1969 |
| 100 | 1 |
_aParry, Geraint. _9109411 |
|
| 245 | 1 | 0 | _aPolitical elites / |
| 260 |
_aNew York : _bPraeger ; _c1969 |
||
| 300 |
_a169 p. ; _c23 cm. |
||
| 490 | 0 | _aStudies in political science, 5 | |
| 504 | _aBibliography: p. [159]-164. | ||
| 650 | 0 |
_aElite (Social sciences) _9109412 |
|
| 650 | 0 |
_aPower (Social sciences) _9109413 |
|
| 942 |
_2ddc _cBK |
||
| 999 |
_c35943 _d35943 |
||